Microstrip patch antennas / (Record no. 566547)

000 -LEADER
fixed length control field 01043cam a22003017a 4500
001 - CONTROL NUMBER
control field 17388341
003 - CONTROL NUMBER IDENTIFIER
control field CEME
005 - DATE AND TIME OF LATEST TRANSACTION
control field 20210628201606.0
008 - FIXED-LENGTH DATA ELEMENTS--GENERAL INFORMATION
fixed length control field 120716s2011 enka b 001 0 eng
010 ## - LIBRARY OF CONGRESS CONTROL NUMBER
LC control number 2012405568
015 ## - NATIONAL BIBLIOGRAPHY NUMBER
National bibliography number GBB079148
Source bnb
016 7# - NATIONAL BIBLIOGRAPHIC AGENCY CONTROL NUMBER
Record control number 015589908
Source Uk
020 ## - INTERNATIONAL STANDARD BOOK NUMBER
International Standard Book Number 9781848164536 (hbk.)
020 ## - INTERNATIONAL STANDARD BOOK NUMBER
International Standard Book Number 184816453X (hbk.)
035 ## - SYSTEM CONTROL NUMBER
System control number (OCoLC)ocn432993695
040 ## - CATALOGING SOURCE
Original cataloging agency UKM
Transcribing agency UKM
Modifying agency BTCTA
-- YDXCP
-- C#P
-- CDX
-- DLC
042 ## - AUTHENTICATION CODE
Authentication code lccopycat
050 00 - LIBRARY OF CONGRESS CALL NUMBER
Classification number TK7871.67.M5
Item number L44 2011
082 04 - DEWEY DECIMAL CLASSIFICATION NUMBER
Classification number 621.3824
Edition number 22
100 1# - MAIN ENTRY--PERSONAL NAME
Personal name Lee, Kai Fong, Luk, Kwai Man
9 (RLIN) 55962
245 10 - TITLE STATEMENT
Title Microstrip patch antennas /
Statement of responsibility, etc. Kai Fong Lee, Kwai Man Luk.
260 ## - PUBLICATION, DISTRIBUTION, ETC.
Place of publication, distribution, etc. London :
Name of publisher, distributor, etc. Imperial College Press ;
Place of publication, distribution, etc. Singapore ;
-- Hackensack, NJ :
Name of publisher, distributor, etc. Distributed by World Scientific Pub.,
Date of publication, distribution, etc. c2011.
300 ## - PHYSICAL DESCRIPTION
Extent xx, 524 p. :
Other physical details ill. (some col.) ;
Dimensions 24 cm.
504 ## - BIBLIOGRAPHY, ETC. NOTE
Bibliography, etc. note Includes bibliographical references and index.
650 #0 - SUBJECT ADDED ENTRY--TOPICAL TERM
Topical term or geographic name entry element Microstrip antennas
General subdivision Design and construction.
9 (RLIN) 55963
700 1# - ADDED ENTRY--PERSONAL NAME
Personal name Luk, K. M.
Fuller form of name (Kwai Man),
Dates associated with a name 1958-
9 (RLIN) 55964
942 ## - ADDED ENTRY ELEMENTS (KOHA)
Source of classification or shelving scheme
Koha item type Book
Holdings
Withdrawn status Lost status Source of classification or shelving scheme Damaged status Not for loan Permanent Location Current Location Shelving location Date acquired Total Checkouts Full call number Barcode Date last seen Price effective from Koha item type
          College of Electrical & Mechanical Engineering (CEME) College of Electrical & Mechanical Engineering (CEME) General Stacks 03/09/2017   621.3824 LEE CEME-47155 06/28/2021 06/28/2021 Book
          College of Electrical & Mechanical Engineering (CEME) College of Electrical & Mechanical Engineering (CEME) General Stacks 03/09/2017 1 621.3824 LEE CEME-47156 06/28/2021 06/28/2021 Book
          College of Electrical & Mechanical Engineering (CEME) College of Electrical & Mechanical Engineering (CEME) General Stacks 08/02/2017   621.3824 CEME-46360 06/28/2021 06/28/2021 Book
© 2023 Central Library, National University of Sciences and Technology. All Rights Reserved.